Normal view
MARC view
- Bell, Brain J
Entry Personal Name
001 - CONTROL NUMBER
- control field: 7625
003 - CONTROL NUMBER IDENTIFIER
- control field: OSt
005 - DATE AND TIME OF LATEST TRANSACTION
- control field: 20250707124618.0
008 - FIXED-LENGTH DATA ELEMENTS
- fixed length control field: 250707|| aca||aabn | a|a d
040 ## - CATALOGING SOURCE
- Original cataloging agency: OSt
- Transcribing agency: OSt
100 ## - HEADING--PERSONAL NAME
- Personal name: Bell, Brain J
670 ## - SOURCE DATA FOUND
- Source citation: Work cat.: (OSt)7582: Bell, Brain J ., Reinforced concrete foundation / , 1981.
